La Chioma di Berenice / (Record no. 38665)

MARC details
000 -LEADER
campo de control de longitud fija 00545nam a2200169 i 4500
001 - NÚMERO DE CONTROL
campo de control 38665
003 - IDENTIFICADOR DE NÚMERO DE CONTROL
campo de control ES-MaACL
007 - CAMPO FIJO DE DESCRIPCIÓN FÍSICA--INFORMACIÓN GENERAL
campo de control de longitud fija t|
008 - DATOS DE LONGITUD FIJA--INFORMACIÓN GENERAL
campo de control de longitud fija 030226s1803 it ||||1| ita d
100 1# - ENTRADA PRINCIPAL--NOMBRE DE PERSONA
Nombre de persona Calímaco.
9 (RLIN) 33673
245 13 - MENCIÓN DEL TÍTULO
Título La Chioma di Berenice /
Mención de responsabilidad, etc. poema di Callimaco tradotto da Valerio Catullo , volgarizzato e illustrato da Ugo Foscolo.
260 ## - PUBLICACIÓN, DISTRIBUCIÓN, ETC.
Lugar de publicación, distribución, etc. Milano :
Nombre del editor, distribuidor, etc. [s.n.,
Fecha de publicación, distribución, etc. 1803] (
Fabricante Dal Geniotipografico)
300 ## - DESCRIPCIÓN FÍSICA
Extensión 228 p. ;
Dimensiones 23 cm.
700 1# - ENTRADA AGREGADA--NOMBRE PERSONAL
Nombre de persona Catulo, Cayo Valerio.
9 (RLIN) 37089
700 1# - ENTRADA AGREGADA--NOMBRE PERSONAL
Nombre de persona Foscolo, Ugo.
9 (RLIN) 51891
852 ## - LOCALIZACIÓN
Ubicación ES-MaACL
Número de control de estantería B-4426
Holdings
Estatus retirado Estado de pérdida Estado de daño No para préstamo Colección Biblioteca de origen Biblioteca actual Ubicación en estantería Fecha de adquisición Fuente de adquisición Total de préstamos Signatura topográfica completa Código de barras Visto por última vez Precio de reemplazo Tipo de ítem Koha
        Libros del s. XIX Biblioteca del Ateneo de Madrid Biblioteca del Ateneo de Madrid Sala Pardo Bazán 17/01/2008     B-4426 1040717 23/02/2023 23/02/2023 Libro impreso antiguo